| 000 | 00869nam a22002177a 4500 | ||
|---|---|---|---|
| 999 |
_c22584 _d22584 |
||
| 003 | AR-CdUCM | ||
| 008 | 190513b ||||| |||| 00| 0 spa d | ||
| 020 | _a9786124454127 | ||
| 040 |
_aMUNICIPALIDAD PROVINCIAL DEL CUSCO _cBIBLIOTECA MUNICIPAL DEL CUSCO |
||
| 082 |
_aPI/808.83/V19 _bV19 |
||
| 100 |
_aValdivia Flores, Cecilia _948575 |
||
| 245 |
_aNenita, una perrita con suerte / _c[Cecilia Valdivia Flores] |
||
| 260 |
_aLima : _bArca de Papel, _c2020. |
||
| 300 |
_a23 páginas. : _bilustraciones en color ; _c32 cm. |
||
| 500 | _a"5 años. Educación inicial" Texto con encuadernación engrapada. "Edición 2019. Publicado Enero 2020" Texto para niños de cinco años de educación inicial. | ||
| 650 |
_aCuentos infantiles peruanos _93914 |
||
| 650 |
_aComprensión de lectura _93320 |
||
| 650 |
_aSiglo XXI _948576 |
||
| 942 |
_2ddc _cLIBROS |
||
| 945 | _arac | ||